000 00647nam a2200229Ia 4500
003 OSt
005 20220923213323.0
006 a|||||r|||| 00| 0
007 ta
008 220922b |||||||| |||| 00| 0 hin d
024 _a160,785
037 _cTextual
040 _aARTS
_cARTS
_bhin
041 _2hin
_ahin
082 _aO152:2:9, K1
100 _aओझा, दशरथ
245 0 _aहिन्दी नाटक
_b उद्भव और विकास
246 _aHindī nāṭaka: udbhav aur vikāsa
260 _c1961
942 _hO152:2:9, K1
_cTEXL
_2CC
999 _c315463
_d315463